| 000 | 01362nam a22003617a 4500 | ||
|---|---|---|---|
| 003 | CHAP | ||
| 005 | 20220329140749.0 | ||
| 008 | 971013s1979 r 10010 d | ||
| 010 | _a57242 | ||
| 011 | _a58214 | ||
| 035 | _a62369 | ||
| 040 | _cCHAP | ||
| 082 |
_a338.174 _bS9 1978 |
||
| 111 | 0 | 0 |
_aSymposium on Temperature Fruit Production Adjustment in Achanging World. ( _n20 _d: 1978 _c: Sydney) _9111092 |
| 245 | _aProceedings | ||
| 260 |
_aThe Hague : _bInternational Science, _c1979 |
||
| 300 |
_a78 p. _b; gráfs. |
||
| 490 |
_aActa Horticulturae _v; 103 |
||
| 590 |
_aBATCH-UPD _b10 _c20130110 _lUCH01 _h0523 |
||
| 590 |
_aBATCH-UPD _b10 _c20130410 _lUCH01 _h0202 |
||
| 590 |
_aBATCH-UPD _b10 _c20130913 _lUCH01 _h1919 |
||
| 590 |
_aCONVERSION _b10 _c20130109 _lUCH01 _h1331 |
||
| 650 | 1 | 4 |
_aFruticultura _xAspectos económicos. _943689 |
| 700 | 0 |
_aBrough, C.R., ed. _915595 |
|
| 830 | 0 |
_aActa Horticulturae _v; 103 _9739 |
|
| 852 | 2 | _yISSUE | |
| 901 | _aBK | ||
| 942 | _cLIBRO | ||
| 949 |
_a338.174 S9 1978 _bBC _cLIBRO _d33724000154399 _eLIBRO _fc.2 _h56690 _i62369 _si _t540.00 |
||
| 949 |
_a338.174 S9 1978 _bBC _cLIBRO _d33724000154407 _eLIBRO _fc.3 _h59341 _i62369 _si _t540.00 |
||
| 949 |
_a338.174 S9 1978 _bBC _cLIBRO _d33724000154506 _eLIBRO _fc.4 _h59342 _i62369 _si _t540.00 |
||
| 949 |
_bBC _cPS _d-133723 _ePS _i62369 _si _t540.00 |
||
| 999 |
_c57242 _d57242 |
||